UBT Library

AN INTRODUCTION TO INTERNTIONAL LAW (Record no. 12816)

000 -LEADER
fixed length control field 00307nam a22001337a 4500
008 - FIXED-LENGTH DATA ELEMENTS--GENERAL INFORMATION
fixed length control field 170505b xxu||||| |||| 00| 0 eng d
020 ## - INTERNATIONAL STANDARD BOOK NUMBER
International Standard Book Number 0316457698
041 ## - LANGUAGE CODE
Language code of text/sound track or separate title eng
080 ## - UNIVERSAL DECIMAL CLASSIFICATION NUMBER
Edition identifier 2ND
Universal Decimal Classification number 341
100 ## - Rafti
Rafti 15
101 ## - Shkurtesa
Shkurtesa SHJ
245 ## - TITLE STATEMENT
Title AN INTRODUCTION TO INTERNTIONAL LAW
Statement of responsibility, etc JANIS, M.W
942 ## - ADDED ENTRY ELEMENTS (KOHA)
Source of classification or shelving scheme
Item type Books
Holdings
Withdrawn status Lost status Source of classification or shelving scheme Damaged status Not for loan Collection code Permanent location Current location Shelving location Date acquired Total Checkouts Full call number Barcode Date last seen Price effective from Koha item type
          Koleksioni i përgjithshem UBT - Lipjan UBT - Lipjan Koleksioni i përgjithshem 05/05/2017   341 JAN 002-284550 05/05/2017 05/05/2017 Books
UBT Library © 2015-2024. All rights reserved University Education for Business and Technology